000 00449nam a2200169Ia 4500
003 LK-CoDNM
008 010623t1923 xxu||||| |||| 00| 1 eng d
040 _aLK-CoDNM
_dLK-CoDNM
_eLK-CoDNM
041 _aeng
080 _a50
_bC9
100 _aSmith,W.Ramsay
245 _aHealth : An address to the students of the Adelaide high School
260 _bGovernment Press
_aAdelaide
_c1923
300 _b15P., 20 cm
650 _aLectures
942 _cBK
999 _c91497
_d91497